| 000 | 00701nam a22002177a 4500 | ||
|---|---|---|---|
| 999 |
_c2242 _d2242 |
||
| 003 | AR-CdUCM | ||
| 008 | 190304b ||||| |||| 00| 0 spa d | ||
| 040 |
_aMUNICIPALIDAD PROVINCIAL DEL CUSCO _cBIBLIOTECA MUNICIPAL DEL CUSCO |
||
| 082 |
_a348.685 / _bT73 |
||
| 100 |
_aTorre Ugarte Luna, Carlos de la _98070 |
||
| 245 | _aJurisprudencia del trabajo 1968-1980 / | ||
| 260 |
_aLima : _bVerbo, _c1980 |
||
| 300 |
_a432 páginas ; _c20 cm. |
||
| 440 |
_aEstudios Romero _98071 |
||
| 505 | _aDerecho sustantivo -- Derecho procesal. | ||
| 650 |
_aDerecho sustantivo. _98072 |
||
| 650 |
_aDerecho procesal. _98073 |
||
| 650 |
_aLeyes de trabajo _98074 |
||
| 942 |
_2ddc _cLIBROS |
||
| 945 |
_awfj _d2019-03-04 |
||